[Event "Litomysl"]
[Site "?"]
[Date "2018.01.31"]
[Round "5.19"]
[White "Huskova, Agata"]
[Black "Pejrimovska, Viola Ruby"]
[Result "1/2-1/2"]
[WhiteElo "1408"]
[BlackElo "1504"]
[PlyCount "118"]
[EventDate "2018.??.??"]

1. e4 c5 2. c3 d5 3. exd5 Qxd5 4. d4 cxd4 5. cxd4 e5 6. dxe5 Qxd1+ 7. Kxd1 Nc6
8. Bb5 Bg4+ 9. Ke1 O-O-O 10. f3 Bf5 11. Bxc6 bxc6 12. Ne2 Bc5 13. Nbc3 Bc2 14.
a3 f6 15. b4 Bb6 16. Ra2 Bb3 17. Rb2 Bc4 18. Na4 Bc7 19. exf6 Nxf6 20. Kf2 Bb5
21. Nac3 Be5 22. Rd2 Rxd2 23. Bxd2 Rd8 24. Be3 Bc4 25. g3 Rd3 26. Rc1 Rd8 27.
f4 Ng4+ 28. Kf3 Nxh2+ 29. Kg2 Ng4 30. Bxa7 Bf6 31. Kf3 h5 32. a4 Rd3+ 33. Kg2
Rd2 34. Kf1 Bxc3 35. Rxc3 Rd1+ 36. Kg2 Bd5+ 37. Rf3 Rd3 38. Ng1 Rd2+ 39. Kf1
Nh2+ 40. Ke1 Nxf3+ 41. Nxf3 Rb2 42. Ne5 Rxb4 43. a5 Ra4 44. Bb6 c5 45. Bxc5
Rxa5 46. Bf8 Ra3 47. Bxa3 Be4 48. Kf2 g6 49. Ke3 Bf5 50. Kf3 Kd8 51. g4 hxg4+
52. Nxg4 Kd7 53. Nf6+ Ke6 54. Bb2 Bd3 55. Kg4 Bf5+ 56. Kg5 Kf7 57. Nh7 Bc2 58.
Ba3 Bf5 59. Nf8 Bc2 1/2-1/2

[Event "Litomysl"]
[Site "?"]
[Date "2018.01.31"]
[Round "5.20"]
[White "Voriskova, Anna"]
[Black "Vsetulova, Viktorie"]
[Result "1-0"]
[WhiteElo "1446"]
[BlackElo "1520"]
[PlyCount "111"]
[EventDate "2018.??.??"]

1. e4 c5 2. Nf3 d6 3. d4 cxd4 4. Nxd4 Nf6 5. Nc3 g6 6. Be3 Bg7 7. Bd3 O-O 8.
Qd2 Nc6 9. O-O-O Bd7 10. f3 Qa5 11. g4 Nb4 12. a3 Nxd3+ 13. Qxd3 b5 14. Na2 Qa4
15. h4 h5 16. gxh5 Nxh5 17. f4 Bxd4 18. Bxd4 Nxf4 19. Qf3 Nh5 20. Bc3 Bc6 21.
Nb4 Bxe4 22. Qxe4 a5 23. Qxe7 axb4 24. Bxb4 Rac8 25. Rh2 Qb3 26. Kb1 Qf3 27.
Qe2 Qf5 28. Rg1 Rfe8 29. Qd2 Rc6 30. Bc3 Kh7 31. Rf2 Qe6 32. Rgf1 Rc7 33. Qd1
Rb8 34. Qd4 Rg8 35. Qb6 Re7 36. Qxb5 Ng3 37. Re1 Ne4 38. Rfe2 d5 39. Qb4 Rge8
40. Qd4 Nxc3+ 41. Qxc3 Qd6 42. Rxe7 Rxe7 43. Rxe7 Qxe7 44. Qd3 Qxh4 45. Qxd5
Kg7 46. b4 g5 47. b5 g4 48. Qd4+ Qf6 49. Qxg4+ Kf8 50. Qb4+ Kg7 51. Qb2 Qxb2+
52. Kxb2 f5 53. b6 f4 54. b7 f3 55. b8=Q f2 56. Qf4 1-0

[Event "Litomysl"]
[Site "?"]
[Date "2018.01.31"]
[Round "5.21"]
[White "Beranova, Karin"]
[Black "Semova, Lada"]
[Result "1-0"]
[WhiteElo "1410"]
[BlackElo "1357"]
[PlyCount "97"]
[EventDate "2018.??.??"]

1. e4 e5 2. Nc3 Nf6 3. g3 Nc6 4. Bg2 Bb4 5. Nge2 d6 6. h3 Be6 7. O-O O-O 8. d3
h6 9. Kh2 d5 10. exd5 Nxd5 11. f4 f5 12. a3 Bc5 13. fxe5 Nxe5 14. d4 Nxc3 15.
bxc3 Bd6 16. dxe5 Bxe5 17. Nd4 Qd6 18. Bf4 Bxf4 19. Rxf4 g5 20. Nxe6 Qxd1 21.
Rxd1 gxf4 22. Nxf8 fxg3+ 23. Kxg3 Rxf8 24. Bxb7 f4+ 25. Kf3 Rf5 26. Bd5+ Kg7
27. c4 Kf6 28. h4 h5 29. Rd4 Ke5 30. Re4+ Kd6 31. Rxf4 Re5 32. Re4 Rf5+ 33. Ke2
Kc5 34. Kd3 Rf3+ 35. Re3 Rf4 36. Re6 Rd4+ 37. Kc3 Rxd5 38. cxd5 Kxd5 39. Re7
Kd6 40. Rh7 a5 41. Rxh5 c5 42. Rg5 Kc6 43. h5 Kb5 44. h6 Ka4 45. h7 Kxa3 46.
h8=Q a4 47. Rg1 Ka2 48. Qb8 a3 49. Qb3# 1-0

[Event "Litomysl"]
[Site "?"]
[Date "2018.01.31"]
[Round "5.22"]
[White "Brozka, Karel"]
[Black "Fizer, Marek"]
[Result "1/2-1/2"]
[WhiteElo "1704"]
[BlackElo "1501"]
[PlyCount "64"]
[EventDate "2018.??.??"]

1. d4 Nf6 2. Nf3 e6 3. Bg5 c5 4. c3 cxd4 5. cxd4 Qc7 6. Bxf6 gxf6 7. Nc3 Nc6 8.
e3 d5 9. a3 b6 10. Bd3 Bb7 11. Rc1 a6 12. Qc2 h6 13. Na4 Rc8 14. Qb3 b5 15. Nc5
Qa5+ 16. Nd2 Bxc5 17. Rxc5 Qc7 18. O-O Rg8 19. Rfc1 Rg7 20. a4 b4 21. Qc2 Ke7
22. Bxa6 Rcg8 23. g3 Rxg3+ 24. hxg3 Rxg3+ 25. fxg3 Qxg3+ 26. Kf1 Bxa6+ 27. Rb5
Qh3+ 28. Ke2 Qg2+ 29. Kd3 Qg6+ 30. e4 Qg3+ 31. Nf3 Qxf3+ 32. Kd2 Qf2+ 1/2-1/2

[Event "Litomysl"]
[Site "?"]
[Date "2018.01.31"]
[Round "5.23"]
[White "Simek, Viktor"]
[Black "Winter, Ondrej"]
[Result "0-1"]
[WhiteElo "1528"]
[BlackElo "1483"]
[PlyCount "108"]
[EventDate "2018.??.??"]

1. e4 c5 2. Nf3 d6 3. d4 cxd4 4. Nxd4 Nf6 5. Nc3 Nc6 6. Bc4 Qb6 7. Nde2 a6 8.
O-O e6 9. Bb3 Be7 10. Kh1 O-O 11. Bg5 Qc7 12. f4 b5 13. Ng3 Bb7 14. Nh5 Ne8 15.
Qg4 Kh8 16. Rae1 g6 17. Ng3 Bxg5 18. fxg5 Qe7 19. Rf2 Nc7 20. Ref1 Ne5 21. Qh4
Rfd8 22. Rf6 Rac8 23. Qf4 Ne8 24. Rxf7 Nxf7 25. Qxf7 Qxf7 26. Rxf7 Rc7 27. Bxe6
Rxf7 28. Bxf7 Nc7 29. Nd5 Nxd5 30. Bxd5 Bxd5 31. exd5 Re8 32. h4 Re3 33. Kh2
Re1 34. c3 Rb1 35. Ne4 Rxb2 36. a3 Rb3 37. Nxd6 Rxc3 38. Nb7 Rxa3 39. d6 Rd3
40. g4 b4 41. h5 b3 42. Nc5 b2 43. Nxd3 b1=Q 44. Ne5 Qb2+ 45. Kh3 Qxe5 46. d7
Qd6 47. Kh4 Qxd7 48. h6 a5 49. Kh3 a4 50. Kh4 a3 51. Kh3 a2 52. Kh4 a1=R 53.
Kh3 Qd3+ 54. Kh4 Rh1# 0-1

[Event "Litomysl"]
[Site "?"]
[Date "2018.01.31"]
[Round "5.24"]
[White "Smolik, Jachym"]
[Black "Janous, Marek"]
[Result "1-0"]
[WhiteElo "1605"]
[BlackElo "1560"]
[PlyCount "147"]
[EventDate "2018.??.??"]

1. d4 d5 2. Bf4 Nf6 3. e3 e6 4. Nd2 Nbd7 5. Ngf3 c5 6. dxc5 Bxc5 7. Nb3 Be7 8.
c3 Nc5 9. Nxc5 Bxc5 10. Qb3 O-O 11. Be2 Bb6 12. O-O Bd7 13. Ne5 Bc6 14. Nxc6
bxc6 15. Rac1 Ne4 16. Qc2 Bc7 17. Bxc7 Qxc7 18. f3 Nd6 19. Bd3 g6 20. Kh1 Qb6
21. Rfe1 Rab8 22. b3 Rfc8 23. e4 Qa5 24. e5 Ne8 25. g3 Qd8 26. Qd2 Kg7 27. Kg2
h5 28. Qe3 Qb6 29. c4 Qxe3 30. Rxe3 Kg8 31. cxd5 cxd5 32. Ree1 Kg7 33. Ba6 Rd8
34. Rc6 Kf8 35. Rec1 Kg7 36. Kf2 Rb6 37. Rxb6 axb6 38. Rc6 Rb8 39. a4 g5 40.
Ke3 Kg6 41. b4 Kg7 42. Bb5 Kf8 43. Rc3 Ng7 44. g4 Rd8 45. Rc7 Rb8 46. Bc6 hxg4
47. fxg4 Ne8 48. Ra7 Kg7 49. Bxe8 Rxe8 50. Rb7 Ra8 51. Rxb6 Rxa4 52. Kd4 Ra2
53. Rc6 Rxh2 54. b5 Rh4 55. b6 Rxg4+ 56. Kc5 Rg1 57. b7 Rb1 58. Rb6 Rxb6 59.
Kxb6 Kg6 60. b8=Q Kf5 61. Qh8 g4 62. Qf6+ Ke4 63. Qxf7 Kxe5 64. Kc5 g3 65. Qc7+
Ke4 66. Qxg3 d4 67. Qg4+ Ke5 68. Qxd4+ Kf5 69. Kd6 e5 70. Qxe5+ Kg6 71. Qf4 Kg7
72. Ke7 Kg6 73. Qg4+ Kh7 74. Kf7 1-0

[Event "Litomysl"]
[Site "?"]
[Date "2018.01.31"]
[Round "5.25"]
[White "Dolensky, Filip"]
[Black "Werner, Hong Quan Dan"]
[Result "1-0"]
[WhiteElo "1561"]
[BlackElo "1504"]
[PlyCount "95"]
[EventDate "2018.??.??"]

1. e4 e5 2. Nf3 Nc6 3. Bc4 Nf6 4. d3 Bc5 5. c3 d6 6. Nbd2 Be6 7. Bxe6 fxe6 8.
Qe2 O-O 9. O-O Qe8 10. b4 Bb6 11. Nc4 Qh5 12. a4 d5 13. Nxb6 axb6 14. b5 Ne7
15. Ba3 Rf7 16. Bxe7 Rxe7 17. Rfe1 Rae8 18. a5 bxa5 19. Rxa5 b6 20. Ra4 Nd7 21.
h3 Nc5 22. Ra3 Rd7 23. c4 dxc4 24. dxc4 Red8 25. Re3 Nd3 26. Ra1 Nf4 27. Qf1
Rd6 28. Kh2 Ng6 29. Ra7 Nf4 30. Rxc7 Rd1 31. Re1 Qg6 32. g3 Rxe1 33. Qxe1 Nd3
34. Qe3 Rd6 35. Rc8+ Kf7 36. Rc6 Rd7 37. Qxd3 Rxd3 38. Nxe5+ Ke7 39. Nxg6+ hxg6
40. Rxb6 Rd4 41. Rb7+ Kf8 42. c5 Rc4 43. c6 Ke8 44. Rxg7 Kd8 45. c7+ Rxc7 46.
Rxc7 Kxc7 47. h4 Kb6 48. g4 1-0

[Event "Litomysl"]
[Site "?"]
[Date "2018.01.31"]
[Round "5.26"]
[White "Nguyen, Thai Dang Vi"]
[Black "Simunek, Jakub Simon"]
[Result "0-1"]
[WhiteElo "1292"]
[BlackElo "1513"]
[PlyCount "44"]
[EventDate "2018.??.??"]

1. e4 e5 2. Nf3 Nc6 3. d4 exd4 4. Nxd4 Bc5 5. Be3 Qf6 6. c3 Nge7 7. Bc4 O-O 8.
O-O Rd8 9. Qd2 Qg6 10. f3 Ne5 11. Bb3 d6 12. Kh1 Kh8 13. f4 Ng4 14. h3 Nxe3 15.
Qxe3 Re8 16. e5 Nf5 17. Qd2 Ng3+ 18. Kg1 Nxf1 19. Kxf1 dxe5 20. fxe5 Bf5 21.
Qe1 Bd3+ 22. Kg1 Qg5 0-1

[Event "Litomysl"]
[Site "?"]
[Date "2018.01.31"]
[Round "5.27"]
[White "Hladky, Tadeas"]
[Black "Lang, Simon"]
[Result "1-0"]
[WhiteElo "1627"]
[BlackElo "1415"]
[PlyCount "47"]
[EventDate "2018.??.??"]

1. e4 e6 2. d4 d5 3. Nc3 Nf6 4. e5 Nfd7 5. f4 c5 6. Nf3 Be7 7. Be3 O-O 8. Bd3
f6 9. O-O Nc6 10. dxc5 Nxc5 11. exf6 Rxf6 12. Nd4 Nxd3 13. Qxd3 Nxd4 14. Bxd4
Rg6 15. Rae1 Bb4 16. Re3 Qe7 17. f5 Rg5 18. Nxd5 Qd6 19. Nxb4 Qxb4 20. fxe6 Rd5
21. c4 Rd6 22. Rg3 Rxd4 23. Qxd4 g6 24. Qd8+ 1-0

[Event "Litomysl"]
[Site "?"]
[Date "2018.01.31"]
[Round "5.28"]
[White "Kodet, Jaromir"]
[Black "Mohapl, Tomas"]
[Result "0-1"]
[WhiteElo "1268"]
[BlackElo "1446"]
[PlyCount "92"]
[EventDate "2018.??.??"]

1. e4 c5 2. Nf3 d6 3. d4 cxd4 4. Nxd4 Nf6 5. Nc3 a6 6. Be2 e6 7. Be3 Be7 8. Qd2
O-O 9. O-O-O e5 10. Nb3 Be6 11. f4 Nbd7 12. f5 Bxb3 13. axb3 b5 14. Nb1 Nxe4
15. Qd3 Ndc5 16. Qd5 Nf6 17. Qd2 Rc8 18. Bxc5 Rxc5 19. Bf3 e4 20. Be2 Rxf5 21.
Rhf1 Re5 22. Nc3 Qc7 23. Kb1 Rc8 24. b4 d5 25. Na2 Re6 26. h3 Rc6 27. Rc1 Ra8
28. Rf2 Qb6 29. Rff1 a5 30. bxa5 Rxa5 31. Nc3 Qa6 32. Na4 Rxa4 33. c3 Ra1+ 34.
Kc2 Qa4+ 35. b3 Ra2+ 36. Kd1 Rxd2+ 37. Kxd2 Qxb3 38. Rc2 d4 39. c4 bxc4 40.
Rxf6 Bxf6 41. h4 d3 42. Ke3 dxc2+ 43. Kf4 c1=Q+ 44. Kf5 Qb5+ 45. Kxe4 Qc3 46.
Bxc4 Qbe5# 0-1

[Event "Litomysl"]
[Site "?"]
[Date "2018.01.31"]
[Round "6.1"]
[White "Sykora, Marek"]
[Black "Mladek, Richard"]
[Result "0-1"]
[WhiteElo "1847"]
[BlackElo "2091"]
[PlyCount "46"]
[EventDate "2018.??.??"]

1. e4 g6 2. d4 Bg7 3. f4 d6 4. Nf3 Nf6 5. Bd3 O-O 6. c3 c5 7. dxc5 dxc5 8. Qe2
Nc6 9. Be3 b6 10. Nbd2 Qc7 11. g3 e5 12. fxe5 Ng4 13. Bf4 Ngxe5 14. Nxe5 Nxe5
15. Nf3 Bg4 16. Bxe5 Bxe5 17. O-O-O b5 18. c4 Qa5 19. Kb1 bxc4 20. Bxc4 Rab8
21. Nxe5 Bxe2 22. Bxe2 Qc3 23. Nc4 Rxb2+ 0-1

[Event "Litomysl"]
[Site "?"]
[Date "2018.01.31"]
[Round "6.2"]
[White "Petr, Jakub"]
[Black "Eret, Matous"]
[Result "0-1"]
[WhiteElo "2122"]
[BlackElo "2177"]
[PlyCount "138"]
[EventDate "2018.??.??"]

1. d4 e6 2. Nf3 Nf6 3. g3 Be7 4. Bg2 O-O 5. O-O d6 6. c4 Nbd7 7. Nc3 c5 8. b3
a6 9. Qc2 Qc7 10. Rd1 b6 11. Bf4 Bb7 12. dxc5 Nxc5 13. Ng5 Bxg2 14. Kxg2 Qc6+
15. Kg1 h6 16. Nf3 Rfd8 17. Rac1 Rac8 18. Qb1 Nfe4 19. Nxe4 Nxe4 20. Rd4 Nc5
21. b4 Na4 22. Rd3 Qe4 23. Qb3 b5 24. cxb5 Rxc1+ 25. Bxc1 axb5 26. Be3 Rc8 27.
Nd4 Qb7 28. f3 d5 29. a3 Bf6 30. f4 Qa6 31. Kf2 Nb6 32. Nf3 Nc4 33. Bd4 Bxd4+
34. Nxd4 Ra8 35. Rc3 Nd2 36. Qc2 Ne4+ 37. Kg2 Nxc3 38. Qxc3 Qxa3 39. Qc5 Qa6
40. Nc6 Kh8 41. Ne5 Qb7 42. Kh3 Rc8 43. Qd6 Qc7 44. Qa6 Rb8 45. Qa3 Kg8 46. Qd3
f6 47. Ng4 Qf7 48. Kg2 Qe8 49. f5 Rd8 50. Ne3 exf5 51. Nxf5 Qe4+ 52. Qxe4 dxe4
53. Kf2 g6 54. Ne7+ Kf7 55. Nc6 Rd6 56. Na7 Rd4 57. Nxb5 Rxb4 58. Nc3 Ke6 59.
g4 Ke5 60. Nd1 Rb3 61. Ne3 Rxe3 62. Kxe3 f5 63. gxf5 gxf5 64. h3 h5 65. Kf2 f4
66. Ke1 Kf5 67. Kf2 Kg5 68. Kf1 f3 69. Kf2 fxe2 0-1

[Event "Litomysl"]
[Site "?"]
[Date "2018.01.31"]
[Round "6.3"]
[White "Nehyba, Martin"]
[Black "Bulockin, Martin"]
[Result "1-0"]
[WhiteElo "2003"]
[BlackElo "2120"]
[PlyCount "57"]
[EventDate "2018.??.??"]

1. e4 c5 2. c3 d5 3. exd5 Qxd5 4. d4 Nf6 5. Nf3 Bg4 6. dxc5 Qxd1+ 7. Kxd1 Nbd7
8. b4 O-O-O 9. Nbd2 Ne5 10. Kc2 Bf5+ 11. Kb3 Neg4 12. Bc4 e6 13. Rf1 h5 14. h3
Nh6 15. Nd4 Ne4 16. N2f3 Bh7 17. Ne5 Bg8 18. Re1 Nf6 19. Bf4 Nd5 20. Bh2 a6 21.
Rad1 g6 22. a4 Nc7 23. c6 Bg7 24. cxb7+ Kxb7 25. Nec6 Rd7 26. Na5+ Kc8 27. Ndc6
Rxd1 28. Rxd1 Bh7 29. Bxa6+ 1-0

[Event "Litomysl"]
[Site "?"]
[Date "2018.01.31"]
[Round "6.4"]
[White "Skalsky, Alexandr"]
[Black "Svanda, Ondrej"]
[Result "1/2-1/2"]
[WhiteElo "2029"]
[BlackElo "2071"]
[PlyCount "64"]
[EventDate "2018.??.??"]

1. e4 c5 2. Nf3 g6 3. d4 cxd4 4. Nxd4 Nc6 5. c4 Nf6 6. Nc3 d6 7. Be2 Nxd4 8.
Qxd4 Bg7 9. Be3 O-O 10. Qd2 Be6 11. Rc1 Qa5 12. f3 Rfc8 13. b3 a6 14. Na4 Qxd2+
15. Kxd2 Nd7 16. g4 Rc6 17. Nc3 Rf8 18. Rhg1 Rfc8 19. f4 Nc5 20. Bf3 R6c7 21.
f5 Bxc3+ 22. Rxc3 Bd7 23. Rgc1 Bc6 24. Bxc5 dxc5 25. Rd3 e5 26. fxe6 fxe6 27.
e5 Bxf3 28. Rxf3 Rd8+ 29. Rd3 Rxd3+ 30. Kxd3 Rd7+ 31. Ke3 Rd4 32. h3 Kf7
1/2-1/2

[Event "Litomysl"]
[Site "?"]
[Date "2018.01.31"]
[Round "6.5"]
[White "Sprenar, Petr"]
[Black "Stinka, Jakub"]
[Result "1/2-1/2"]
[WhiteElo "2106"]
[BlackElo "2050"]
[PlyCount "148"]
[EventDate "2018.??.??"]

1. d4 Nf6 2. Nf3 d6 3. g3 g6 4. Bg2 Bg7 5. O-O O-O 6. c4 Nbd7 7. Nc3 e5 8. e4
exd4 9. Nxd4 Re8 10. h3 Nc5 11. Re1 a5 12. Ndb5 Bd7 13. Bf4 Nh5 14. Be3 a4 15.
Bd4 Bc6 16. Kh2 Qd7 17. Bxc5 dxc5 18. Qxd7 Bxd7 19. Nxc7 a3 20. Rad1 axb2 21.
Rxd7 Bxc3 22. Red1 Nf6 23. R7d3 Bd4 24. Nxe8 Rxe8 25. Rb3 Ra8 26. Rxd4 cxd4 27.
Rxb2 Ra4 28. Rxb7 Rxa2 29. e5 Nh5 30. Rd7 Rxf2 31. c5 Kf8 32. c6 Ke8 33. Rxd4
Rc2 34. Rh4 Kd8 35. Rd4+ Ke8 36. Ra4 Ng7 37. Ra8+ Ke7 38. Ra7+ Ke8 39. Kg1 Ne6
40. Bd5 h5 41. Bxe6 fxe6 42. Rg7 Rxc6 43. Rxg6 Rc1+ 44. Kg2 Rc2+ 45. Kf3 Rc3+
46. Kf4 h4 47. Rxe6+ Kf7 48. Rf6+ Kg7 49. gxh4 Rxh3 50. Kg4 Re3 51. Kf5 Rh3 52.
Rg6+ Kf7 53. Rg4 Rh1 54. Kg5 Re1 55. Kf5 Rh1 56. Ra4 Rf1+ 57. Rf4 Rh1 58. Kg5+
Ke6 59. h5 Kxe5 60. Rg4 Ke6 61. Kg6 Ke7 62. Kh6 Kf7 63. Rg5 Kf6 64. Ra5 Rg1 65.
Kh7 Rg7+ 66. Kh8 Rd7 67. Ra6+ Kg5 68. h6 Rd8+ 69. Kg7 Rd7+ 70. Kg8 Rd8+ 71. Kf7
Rd7+ 72. Kf8 Rh7 73. Kg8 Rxh6 74. Rxh6 Kxh6 1/2-1/2

[Event "Litomysl"]
[Site "?"]
[Date "2018.01.31"]
[Round "6.6"]
[White "Polansky, Adam Lubos"]
[Black "Kures, Michael"]
[Result "1-0"]
[WhiteElo "1864"]
[BlackElo "1986"]
[PlyCount "159"]
[EventDate "2018.??.??"]

1. Nf3 Nf6 2. g3 e6 3. d4 d5 4. c4 c6 5. Bg2 a6 6. a4 Nbd7 7. O-O Bd6 8. Nfd2
O-O 9. Nc3 Bc7 10. e4 Nxe4 11. Ndxe4 dxe4 12. Nxe4 h6 13. b3 Nf6 14. Bb2 Nxe4
15. Bxe4 Bd7 16. Qc2 Re8 17. Rfe1 Kh8 18. Bg2 Rc8 19. Qd2 Bd6 20. Rad1 Be7 21.
Kh1 Bg5 22. f4 Bf6 23. Bc3 Qc7 24. a5 Rcd8 25. b4 Kg8 26. Qb2 Bc8 27. Rd2 Re7
28. Red1 Rde8 29. Rc2 Qb8 30. Re2 Qc7 31. Rde1 Kf8 32. Rc2 Kg8 33. Rce2 Rd7 34.
Re4 Rde7 35. Bf1 Bd7 36. Kg1 Bc8 37. Qb3 Rd8 38. Rb1 Red7 39. Qb2 Qb8 40. Bh3
Qa7 41. Rd1 g6 42. Kh1 Bg7 43. Rd2 Rd6 44. c5 Rd5 45. Ree2 Qb8 46. Bg2 R5d7 47.
Be4 Qc7 48. Qa1 Re7 49. Bd3 Qd7 50. Bc4 Qe8 51. Bb3 Kh7 52. Bc2 Red7 53. f5
gxf5 54. Bxf5+ Kg8 55. Bh3 Qe7 56. Rd3 Qg5 57. Red2 Qh5 58. Qf1 Rd5 59. Bg2
R5d7 60. Be4 Qg4 61. Qg2 Re7 62. Bf3 Qg5 63. Rd1 Bd7 64. Bd2 Qg6 65. Bf4 Be8
66. Bd6 Red7 67. Be4 f5 68. Bf3 Bf8 69. Be5 Bg7 70. Qe2 Bxe5 71. dxe5 Qg7 72.
Rd6 Qe7 73. Qc4 Kf8 74. Qf4 Qg7 75. g4 Bg6 76. gxf5 Bxf5 77. Rg1 Qh7 78. Rxe6
Rf7 79. Rxh6 Bd3 80. Qh4 1-0

[Event "Litomysl"]
[Site "?"]
[Date "2018.01.31"]
[Round "6.7"]
[White "Szotkowski, David"]
[Black "Broz, Petr"]
[Result "1-0"]
[WhiteElo "1913"]
[BlackElo "1754"]
[PlyCount "73"]
[EventDate "2018.??.??"]

1. d4 e6 2. g3 Nf6 3. Bg2 d5 4. Nf3 c5 5. O-O Nc6 6. c3 Bd6 7. dxc5 Bxc5 8. b4
Bd6 9. Nbd2 O-O 10. Re1 Bd7 11. e4 dxe4 12. Nxe4 Be7 13. Nd6 Qc7 14. Nb5 Qb6
15. a4 Nd5 16. c4 Ndxb4 17. Qxd7 Rad8 18. Qc7 Qxc7 19. Nxc7 Nc2 20. Bf4 Nxa1
21. Rxa1 a6 22. Ng5 Bxg5 23. Bxg5 Rc8 24. Bxc6 Rxc7 25. Bf3 Rxc4 26. Bxb7 Rb4
27. Bf3 Rc8 28. a5 f6 29. Be3 Rb3 30. Kg2 Rcc3 31. Be2 Rb2 32. Bd4 Rxg3+ 33.
hxg3 Rxe2 34. Rc1 Rd2 35. Bb6 Rd7 36. Rc8+ Kf7 37. Ra8 1-0

[Event "Litomysl"]
[Site "?"]
[Date "2018.01.31"]
[Round "6.8"]
[White "Gnojek, Petr"]
[Black "Jun, Rudolf"]
[Result "0-1"]
[WhiteElo "2018"]
[BlackElo "1947"]
[PlyCount "96"]
[EventDate "2018.??.??"]

1. d4 Nf6 2. c4 g6 3. Nc3 Bg7 4. e4 d6 5. f3 O-O 6. Be3 e5 7. d5 c6 8. Qd2 cxd5
9. cxd5 Nh5 10. O-O-O a6 11. g4 Nf4 12. Kb1 Nd7 13. h4 b5 14. Nce2 Bb7 15. Nh3
Rc8 16. Nhxf4 exf4 17. Nxf4 Ne5 18. Be2 Nc4 19. Bxc4 Rxc4 20. h5 Qf6 21. g5 Qe5
22. Nd3 Qe7 23. Rc1 Rfc8 24. hxg6 fxg6 25. Nf4 Be5 26. Ne6 Qf7 27. Qf2 a5 28.
Bd4 Bxd5 29. Rxc4 Bxc4 30. Bxe5 dxe5 31. Nc5 Qa7 32. b3 Rxc5 33. bxc4 bxc4 34.
Kc2 c3 35. Rb1 Qc7 36. Rb3 a4 37. Rb4 Rc6 38. Qe2 Qf7 39. Kc1 c2 40. Qd2 Kg7
41. Rb5 Qa7 42. Qe1 Qd4 43. Rb7+ Kg8 44. Rb8+ Kf7 45. Rb7+ Ke6 46. Rb2 a3 47.
Rxc2 Qa1+ 48. Kd2 Rxc2+ 0-1

[Event "Litomysl"]
[Site "?"]
[Date "2018.01.31"]
[Round "6.9"]
[White "Jares, Michal"]
[Black "Vojta, Jakub"]
[Result "1/2-1/2"]
[WhiteElo "1802"]
[BlackElo "2087"]
[PlyCount "114"]
[EventDate "2018.??.??"]

1. d4 d5 2. Nf3 Nf6 3. g3 b6 4. Bg2 Bb7 5. O-O e6 6. Ne5 Be7 7. b3 O-O 8. Bb2
c5 9. e3 Nfd7 10. f4 f6 11. Nf3 Re8 12. Nbd2 Nc6 13. c4 Rc8 14. Nh4 Nf8 15. f5
dxc4 16. Nxc4 b5 17. Na3 cxd4 18. exd4 Qb6 19. Kh1 Red8 20. Nc2 e5 21. Qe2 exd4
22. Nxd4 Nxd4 23. Bxd4 Rxd4 24. Qxe7 Bxg2+ 25. Nxg2 Rd2 26. Qe3 Rcc2 27. Qxb6
axb6 28. Rg1 Nd7 29. a4 bxa4 30. bxa4 Nc5 31. Rad1 Nxa4 32. Rde1 Nc5 33. Re8+
Kf7 34. Rge1 Rd7 35. Nf4 Rc1 36. Rxc1 Kxe8 37. Rb1 Rd6 38. Kg2 Kd7 39. Kf3 Kc6
40. Re1 Kd7 41. g4 b5 42. Rb1 Kc6 43. Rc1 Kb6 44. Rb1 Rd2 45. h4 Ka5 46. Ne6
Rd3+ 47. Ke2 Rd5 48. Nxg7 b4 49. g5 fxg5 50. hxg5 Ne4 51. Ra1+ Kb5 52. g6 hxg6
53. fxg6 Nc3+ 54. Ke3 b3 55. Ra8 Rd6 56. Nf5 Rxg6 57. Nd4+ Kb6 1/2-1/2

[Event "Litomysl"]
[Site "?"]
[Date "2018.01.31"]
[Round "6.10"]
[White "Keprt, Tomas"]
[Black "Nguyen, Thai Dai Vinh"]
[Result "1/2-1/2"]
[WhiteElo "1900"]
[BlackElo "1869"]
[PlyCount "63"]
[EventDate "2018.??.??"]

1. e4 c5 2. Nf3 e6 3. d4 cxd4 4. Nxd4 Nc6 5. Be3 Nf6 6. Nc3 Qc7 7. Be2 a6 8. a3
Be7 9. O-O O-O 10. f4 d6 11. Qd2 b5 12. Nxc6 Qxc6 13. Bf3 e5 14. Nd5 Re8 15.
Rad1 Ng4 16. Nxe7+ Rxe7 17. Qxd6 Qe8 18. Qd3 Nxe3 19. Qxe3 exf4 20. Qxf4 Bb7
21. Rd4 Qc6 22. c3 Qb6 23. Kh1 Rae8 24. e5 Bxf3 25. Qxf3 Qc7 26. Rd5 h6 27. h3
Rxe5 28. Rxe5 Rxe5 29. Qa8+ Kh7 30. Qxa6 Qc4 31. Kg1 Re2 32. Qb7 1/2-1/2

[Event "Litomysl"]
[Site "?"]
[Date "2018.01.31"]
[Round "6.11"]
[White "Hak, David"]
[Black "Kusa, Jakub"]
[Result "0-1"]
[WhiteElo "1889"]
[BlackElo "1825"]
[PlyCount "109"]
[EventDate "2018.??.??"]

1. e4 e5 2. Nf3 Nc6 3. Bb5 a6 4. Ba4 Nge7 5. Nc3 g6 6. Nd5 Bg7 7. d4 Nxd5 8.
exd5 Nxd4 9. Nxd4 exd4 10. O-O O-O 11. d6 c5 12. Bb3 Qf6 13. Re1 b5 14. Bd5 Rb8
15. Qg4 Qf5 16. Qxf5 gxf5 17. Bf4 Bb7 18. Bxb7 Rxb7 19. Re2 Bf6 20. Rae1 Kg7
21. h3 h6 22. Kh2 c4 23. Be5 Rb6 24. f4 Bxe5 25. Rxe5 Rxd6 26. Rxf5 f6 27. Rc5
Kf7 28. Rd1 Re8 29. Rd2 Re1 30. a4 d3 31. cxd3 cxd3 32. Rc3 Re4 33. axb5 axb5
34. Rcxd3 Rxd3 35. Rxd3 Rxf4 36. Rxd7+ Kg6 37. Rd2 b4 38. Kg3 Kg5 39. Rd5+ f5
40. Rd8 Rc4 41. Rb8 Rd4 42. Kh2 h5 43. Rg8+ Kf6 44. Rg3 h4 45. Re3 Kg5 46. Kg1
Kf4 47. Re2 Rc4 48. Kf2 b3 49. Ke1 Kg3 50. Re3+ Kxg2 51. Rxb3 f4 52. Rd3 Re4+
53. Kd1 f3 54. Rd8 f2 55. Rf8 0-1

[Event "Litomysl"]
[Site "?"]
[Date "2018.01.31"]
[Round "6.12"]
[White "Hofman, Krystof"]
[Black "Babula, Vlastimil"]
[Result "1/2-1/2"]
[WhiteElo "1765"]
[BlackElo "1836"]
[PlyCount "103"]
[EventDate "2018.??.??"]

1. Nf3 Nf6 2. g3 g6 3. Bg2 Bg7 4. O-O O-O 5. c4 c5 6. d3 d5 7. cxd5 Nxd5 8. Qc2
b6 9. a3 Bb7 10. Nc3 Na6 11. Rb1 Rc8 12. Nxd5 Bxd5 13. Qa4 Bb7 14. Be3 Qd6 15.
Rfc1 Qc6 16. Qxc6 Bxc6 17. Bh3 Rcd8 18. Nd2 Bd5 19. b3 Nc7 20. Nc4 Nb5 21. Bg5
Rfe8 22. Bd2 e5 23. Re1 e4 24. a4 Nd4 25. Be3 exd3 26. Bxd4 Bxc4 27. Bxg7 d2
28. Bf6 dxe1=Q+ 29. Rxe1 Rd6 30. bxc4 Rxf6 31. Bg2 Rd6 32. Bd5 Kg7 33. e4 f6
34. f4 Rdd8 35. Rb1 Re7 36. Kf2 h5 37. h4 g5 38. hxg5 fxg5 39. f5 Kf6 40. Rh1
Rh8 41. Ke3 Ke5 42. Rh2 h4 43. g4 Rh6 44. Rh3 Reh7 45. Bg8 Rb7 46. Bd5 Rb8 47.
Rf3 h3 48. f6 h2 49. Rf5+ Kd6 50. e5+ Kd7 51. Rxg5 h1=Q 52. Rg7+ 1/2-1/2

[Event "Litomysl"]
[Site "?"]
[Date "2018.01.31"]
[Round "6.13"]
[White "Flajsman, Petr"]
[Black "Kolar, Jan"]
[Result "1/2-1/2"]
[WhiteElo "1667"]
[BlackElo "1694"]
[PlyCount "59"]
[EventDate "2018.??.??"]

1. Nf3 c5 2. g3 b6 3. Bg2 Bb7 4. O-O Nf6 5. d3 g6 6. c4 Bg7 7. Nc3 O-O 8. Bd2
e6 9. a3 d5 10. cxd5 Nxd5 11. Qc2 Nc6 12. Ne4 Rc8 13. Qb3 h6 14. Rac1 Qe7 15.
Rfe1 Rfd8 16. Nc3 Na5 17. Qa2 c4 18. Nxd5 Bxd5 19. e4 c3 20. exd5 cxd2 21. Nxd2
Rxc1 22. Rxc1 exd5 23. b4 Nb7 24. Bxd5 Nd6 25. Ne4 Nf5 26. Rc6 Nd4 27. Rxg6 Kh7
28. Bxf7 Rd7 29. Rxg7+ Kxg7 30. Bh5 1/2-1/2

[Event "Litomysl"]
[Site "?"]
[Date "2018.01.31"]
[Round "6.14"]
[White "Stastny, Jakub"]
[Black "Rokos, Filip"]
[Result "1-0"]
[WhiteElo "1752"]
[BlackElo "1843"]
[PlyCount "62"]
[EventDate "2018.??.??"]

1. d4 e6 2. c4 Nf6 3. Nc3 d5 4. Bg5 Be7 5. Nf3 h6 6. Bh4 O-O 7. e3 b6 8. cxd5
exd5 9. Be2 Be6 10. O-O c5 11. Rc1 Nbd7 12. h3 Rc8 13. Ba6 Ra8 14. Bg3 Ne4 15.
Nxe4 dxe4 16. Nd2 Bd5 17. Nb3 Re8 18. Bb5 Rf8 19. Qc2 Nf6 20. Rfd1 a6 21. Be2
c4 22. Bxc4 Rc8 23. Qe2 b5 24. Bxd5 Qxd5 25. Rc2 Rc4 26. Rxc4 bxc4 27. Nc5 Bxc5
28. dxc5 Qe6 29. Rd6 Qc8 30. Qxc4 a5 31. c6 Kh7 1-0

[Event "Litomysl"]
[Site "?"]
[Date "2018.01.31"]
[Round "6.15"]
[White "Lorencova, Michaela"]
[Black "Vilimova, Julie"]
[Result "1-0"]
[WhiteElo "1439"]
[BlackElo "1708"]
[PlyCount "137"]
[EventDate "2018.??.??"]

1. e4 g6 2. d4 Bg7 3. Nf3 d6 4. Nc3 c6 5. a4 Nf6 6. Be2 O-O 7. O-O Qc7 8. h3 e5
9. dxe5 dxe5 10. Be3 b6 11. Bd3 Bb7 12. Qe2 Nbd7 13. Rad1 Rfd8 14. Rfe1 Nf8 15.
Bc4 h6 16. Rxd8 Rxd8 17. Rd1 Rxd1+ 18. Qxd1 Bc8 19. Qd2 Kh7 20. b3 Ne6 21. g3
Bf8 22. Qd3 Nc5 23. Bxc5 Bxc5 24. Kg2 Qe7 25. Ne2 Ne8 26. Qc3 Bd6 27. Qd3 Nc7
28. Bxf7 a6 29. b4 Bxb4 30. Bb3 Ne8 31. Qc4 Nf6 32. Qxc6 Bb7 33. Qxb6 Bc5 34.
Qe6 Qxe6 35. Bxe6 Nxe4 36. Kh2 Bd6 37. Ne1 Nxf2 38. Nd3 Nxd3 39. cxd3 Bf3 40.
Nc3 Bb4 41. Nd5 a5 42. Nxb4 axb4 43. a5 Bb7 44. Bc4 Kg7 45. Kg1 Kf6 46. Kf2 Ke7
47. Ke3 Kd6 48. d4 e4 49. a6 Ba8 50. d5 Kc5 51. Bb3 Kb5 52. Kxe4 Kxa6 53. Ke5
Kb6 54. d6 Bc6 55. Ke6 Kc5 56. d7 Bxd7+ 57. Kxd7 Kd4 58. Ke6 Ke4 59. Bd5+ Kd4
60. Bb3 Ke4 61. Bd1 b3 62. Bxb3 Kf3 63. Kf6 Kxg3 64. Be6 h5 65. Kxg6 h4 66. Kg5
Kf3 67. Kxh4 Kf4 68. Kh5 Ke5 69. Kg6 1-0